000 01110cac a2200337 i 4500
003 EG-GICUC
005 20260121101554.0
008 930114s1993 nyua frb 001 0 eng d
020 _a1566620554
_qalk. paper
020 _a9781566620550
_q(alk. paper)
040 _aDLC
_cDLC
_dDLC
_dEG-GICUC
_beng
_erda
043 _an-us---
050 0 0 _aKF9218
_b.W4 1993
082 0 0 _a343.1
_221
092 0 4 _221
099 _aLaw 10 1993
100 1 _aWeinreb, Lloyd L.,
_d1936-
245 1 0 _aCriminal law :
_bcases, comment, questions /
_cby Lloyd L. Weinreb.
250 _a5th edition.
264 _aWestbury, N.Y. :
_bFoundation Press,
_c1993.
300 _axviii, xxxi, 944 pages :
_billustrations ;
_c26 cm.
336 _atext
_btxt
_2rdacontent
337 _aunmediated
_bn
_2rdamedia
338 _avolume
_bnc
_2rdacarrier
440 0 _aUniversity casebook series
504 _aIncludes bibliographical references (p. 901-935) and index.
650 0 _aCriminal law
_zUnited States
_xCases.
856 4 0 _uhttps://fll.law.cu.edu.eg/fulltext/bks/ENGB10-00131.pdf
905 _a10
942 _2ddc
_cBK
_e21
_n0
999 _c53416
_d53416